000 00714nam a2200253Ia 4500
003 OSt
005 20220926034835.0
006 a|||||r|||| 00| 0
007 ta
008 220923b |||||||| |||| 00| 0 eng d
020 _a0275947009
037 _cGeneral Book
040 _aRTL
_cRTL
_beng
041 _2eng
_aeng
082 _aY15:6, N3
100 _aAgger Ben
245 0 _aGender, culture and power
_b Towards a feminist postmodern critical theory
260 _aWestport
_bPraeger Publisher
_c1993
300 _aviii, 173p
_ccm.
500 _aBibliography: p 159-168
650 _aWomen Sociology
942 _hY15:6, N3
_cGB
_2CC
999 _c660510
_d660510